Statistics for Life in the Fast Lane - Eagles

Click here to take the quiz!

General Stats

  • This quiz has been taken 5 times
  • The average score is 21 of 45

Answer Stats

Number of words in the answerAnswer% Correct
5 wordslife in the fast lane
100%
5 wordslife in the fast lane
100%
5 wordslife in the fast lane
100%
5 wordslife in the fast lane
100%
5 wordslife in the fast lane
100%
5 wordslife in the fast lane
100%
5 wordsLife in the fast lane
100%
5 wordslife in the fast lane
100%
5 wordsand she was terminally pretty
67%
4 wordseverything all the time
67%
4 wordseverything all the time
67%
9 wordshe had a nasty reputation as a cruel dude
67%
8 wordsin the heart of the cold, cold city
67%
10 wordsshe held him up and he held her for ransom
67%
6 wordssurely make you lose your mind
67%
6 wordssurely make you lose your mind
67%
11 wordsthey had one thing in common they were good in bed
67%
6 wordsblowing and burning blinded by thirst
33%
8 wordseager for action and hot for the game
33%
6 wordshaven't seen a god damn thing
33%
10 wordshe said call the doctor i think i'm gonna crash
33%
10 wordshe was a hard headed man he was brutally handsome
33%
7 wordshe was too tired to make it
33%
7 wordsout every evening until it was light
33%
9 wordsshe'd say faster faster the lights are turning red
33%
12 wordsshe pretended not to notice she was caught up in the race
33%
10 wordsshe said listen baby you can hear the engine ring
33%
8 wordsshe was too tired to fight about it
33%
8 wordsthe coming attraction the drop of a name
33%
10 wordsthere were lines on the mirror, lines on her face
33%
6 wordsthey didn't see the stop sign
33%
6 wordsthey knew all the right people
33%
4 wordsthey paid heavenly bills
33%
9 wordsthey said he was ruthless said he was crude
33%
4 wordsthey threw outrageous parties
33%
6 wordsthey took all the right pills
33%
6 wordstook a turn for the worst
33%
7 wordswe've been up and down this highway
33%
8 wordsand it was life in the fast lane
0%
11 wordslife in the fast lane surely make you lose your mind
0%
6 wordslife in the fast lane yeah
0%
5 wordsmessed around and got lost
0%
11 wordsthe doctor say he's coming but you gotta pay in cash
0%
10 wordsthey didn't care they were just dying to get off
0%
6 wordsthey were rushing down that freeway
0%

Score Distribution

Percentile by Number Answered

Percent of People with Each Score

Your Score History

You have not taken this quiz